RUNNING PRESS CYCLOPEDIA (Record no. 216392)
[ view plain ]
| 000 -LEADER | |
|---|---|
| fixed length control field | 00338nam a22001337a 4500 |
| 008 - FIXED-LENGTH DATA ELEMENTS--GENERAL INFORMATION | |
| fixed length control field | 251223b |||||||| |||| 00| 0 eng d |
| 020 ## - INTERNATIONAL STANDARD BOOK NUMBER | |
| International Standard Book Number | 1-56138-343-0 |
| 050 ## - LIBRARY OF CONGRESS CALL NUMBER | |
| Classification number | AG 6 .R86 1993 |
| 245 ## - TITLE STATEMENT | |
| Title | RUNNING PRESS CYCLOPEDIA |
| 260 ## - PUBLICATION, DISTRIBUTION, ETC. | |
| Place of publication, distribution, etc. | PHILADELPHIA |
| Name of publisher, distributor, etc. | RUNNING PRESS |
| Date of publication, distribution, etc. | 1993 |
| 300 ## - PHYSICAL DESCRIPTION | |
| Extent | 638P. |
| 942 ## - ADDED ENTRY ELEMENTS (KOHA) | |
| Source of classification or shelving scheme | Library of Congress Classification |
| Koha item type | Reference |
| Withdrawn status | Lost status | Source of classification or shelving scheme | Damaged status | Not for loan | Collection | Home library | Current library | Shelving location | Date acquired | Inventory number | Total checkouts | Full call number | Barcode | Date last seen | Copy number | Price effective from | Koha item type |
|---|---|---|---|---|---|---|---|---|---|---|---|---|---|---|---|---|---|
| Library of Congress Classification | Reference | Kisii University Library | Kisii University Library | On Display | 12/23/2025 | 34973 | AG 6 .R86 1993 | 000000000752 | 12/23/2025 | 1 | 12/23/2025 | Reference |